Catalog

Record Details

Catalog Search



Available copies

  • 1 of 1 copy available at LARL/NWRL Consortium.
  • 1 of 1 copy available at Lake Agassiz Regional Library. (Show preferred library)

Current holds

0 current holds with 1 total copy.

Show Only Available Copies
Location Call Number / Copy Notes Barcode Shelving Location Status Due Date
Detroit Lakes Public Library J 996.9 KLE (Text) 33500013565395 Main Available -

Record details

  • ISBN: 9781644873823
  • ISBN: 1644873826
  • Physical Description: 32 pages : illustrations, maps ; 24 cm.
  • Publisher: Minneapolis, MN : Bellwether Media, Inc., 2022.

Content descriptions

Bibliography, etc. Note:
Includes bibliographical references (page 31) and ... Read More
Formatted Contents Note:
Hawai'i Volcanoes National Park -- Where is ... Read More
Summary, etc.:
"Engaging images accompany information about ... Read More
Target Audience Note:
Ages 7-13 Bellwether Media.
Grades 4-6 Bellwether Media.
Subject: Hawaii > Juvenile literature.
Hawaii.
Hawaii.
Genre: Juvenile works.
Instructional and educational works.
LDR 02227cam a2200493 i 4500
001387890
003LARL_NWRL_CONSORTIUM
00520220322163303.0
008210427s2022 mnuab j b 001 0 eng
010 . ‡a 2021019687
040 . ‡aDLC ‡beng ‡erda ‡cDLC ‡dOCLCF ‡dJCW ‡dUPZ ‡dCHILD ‡dDLC ‡dJQM ‡dOCLCO ‡dANK ‡dOCLCO
020 . ‡a9781644873823 ‡q(library binding)
020 . ‡a1644873826
020 . ‡z9781648341595 ‡q(ebook)
035 . ‡a(OCoLC)1249705200
042 . ‡apcc
043 . ‡an-us-hi
08200. ‡a996.9 ‡223
1001 . ‡aKlepeis, Alicia, ‡d1971- ‡eauthor. ‡0(LARL_NWRL_CONSORTIUM)220803
24510. ‡aHawaii / ‡cby Alicia Z. Klepeis.
264 1. ‡aMinneapolis, MN : ‡bBellwether Media, Inc., ‡c2022.
300 . ‡a32 pages : ‡billustrations, maps ; ‡c24 cm.
336 . ‡atext ‡btxt ‡2rdacontent
337 . ‡aunmediated ‡bn ‡2rdamedia
338 . ‡avolume ‡bnc ‡2rdacarrier
4900 . ‡aBlastoff! Discovery. State profiles
504 . ‡aIncludes bibliographical references (page 31) and index.
520 . ‡a"Engaging images accompany information about Hawaii. The combination of high-interest subject matter and narrative text is intended for students in grades 3 through 8"-- ‡cProvided by publisher.
521 . ‡aAges 7-13 ‡bBellwether Media.
521 . ‡aGrades 4-6 ‡bBellwether Media.
50500. ‡tHawai'i Volcanoes National Park -- ‡tWhere is Hawaii? -- ‡tHawaii's beginnings -- ‡tLandscape and climate -- ‡tWildlife -- ‡tPeople and communities -- ‡tHonolulu -- ‡tIndustry -- ‡tFood -- ‡tSports and entertainment -- ‡tFestivals and traditions -- ‡tHawaii timeline -- ‡tHawaii facts -- ‡gGlossary.
651 0. ‡aHawaii ‡vJuvenile literature. ‡0(LARL_NWRL_CONSORTIUM)21946
651 1. ‡aHawaii. ‡0(LARL_NWRL_CONSORTIUM)4130
651 7. ‡aHawaii. ‡2fast ‡0(LARL_NWRL_CONSORTIUM)4130
655 7. ‡aJuvenile works. ‡2fast
655 7. ‡aInstructional and educational works. ‡2lcgft
77608. ‡iOnline version: ‡aKlepeis, Alicia, 1971- ‡tHawaii ‡dMinneapolis, MN : Bellwether Media, Inc., 2022 ‡z9781648341595 ‡w(DLC) 2021019688
901 . ‡a387890 ‡b ‡c387890 ‡tbiblio

Additional Resources